El perdón, virtud política. En torno a Primo Levi
Uloženo v:
| Hlavní autoři: | , , , |
|---|---|
| Další autoři: | |
| Médium: | Kniha |
| Jazyk: | španělština |
| Vydáno: |
Barcelona
Anthropos
2008
|
| Vydání: | 1a. ed |
| Edice: | Pensamiento Crítico-Pensamiento Utópico, 170
|
| Témata: | |
| Tagy: |
Přidat tag
Žádné tagy, Buďte první, kdo vytvoří štítek k tomuto záznamu!
|
MARC
| LEADER | 00000cam a2200000 a 4500 | ||
|---|---|---|---|
| 001 | UCH0715 | ||
| 003 | CL-VaPUC | ||
| 005 | 20230801105330.0 | ||
| 008 | 090320e20080000SP |||||||||||||||||spa|d | ||
| 999 | |c 332968 |d 332966 | ||
| 020 | |a 9788476588680 | ||
| 040 | |c Pontificia Universidad Católica de Valparaíso | ||
| 082 | 0 | 4 | |a 234.5 |b MAD |2 21 |
| 100 | |a Madina, Eduardo |e autor |9 534989 | ||
| 245 | 1 | 3 | |a El perdón, virtud política. En torno a Primo Levi |
| 250 | |a 1a. ed | ||
| 260 | |a Barcelona |b Anthropos |c 2008 | ||
| 300 | |a 143 p | ||
| 490 | 0 | |a Pensamiento Crítico-Pensamiento Utópico, 170 | |
| 583 | |a last modification |c 20151111 10:27:52 |k Rodrigo Vera | ||
| 600 | |a Levi, Primo |d 1919-1987 |9 860621 | ||
| 650 | 0 | |a Perdón |9 395249 | |
| 650 | 0 | |a Virtud |9 315987 | |
| 650 | 0 | |a Reconciliación |9 333649 | |
| 700 | |a Mate Rupérez, Manuel-Reyes |e autor |9 591283 | ||
| 700 | 0 | |a Mayorga, Juan |e author |9 534991 | |
| 700 | 0 | |a Rubio, Miguel |e author |9 534992 | |
| 700 | 0 | |a Zamora, José Antonio |e author |9 534993 | |
| 942 | |c BK |2 ddc | ||
| 945 | |d 20090320 00:00:00 |a dcastane | ||
| 952 | |0 0 |1 0 |4 0 |6 234_500000000000000_MAD_2008 |7 0 |8 A |9 421046 |a BIBEDU |b BIBEDU |d 2019-11-22 |i 4523229 |o 234.5 MAD 2008 |p 4523229 |r 2019-11-22 |w 2019-11-22 |y BK |k FIL | ||
| 952 | |0 0 |1 0 |3 erb |4 0 |6 234_500000000000000_MAD_2008 |7 0 |8 A |9 421047 |a BIBEDU |b BIBEDU |i 5249899 |o 234.5 MAD 2008 |p 5249899 |r 2019-11-22 |w 2019-11-22 |y BK |z Catalogado en:20151112 |k FIL | ||